|
|
|
|
| LEADER |
01938nam a2200433 i 4500 |
| 001 |
EBC3327214 |
| 003 |
MiAaPQ |
| 005 |
20200520144314.0 |
| 006 |
m o d | |
| 007 |
cr cnu|||||||| |
| 008 |
141121t20142014ne ob 001 0 eng d |
| 020 |
|
|
|z 9789087282127
|
| 020 |
|
|
|a 9789400601840
|q (electronic bk.)
|
| 020 |
|
|
|a 9789400601833
|q (electronic bk.)
|
| 035 |
|
|
|a (MiAaPQ)EBC3327214
|
| 035 |
|
|
|a (Au-PeEL)EBL3327214
|
| 035 |
|
|
|a (CaPaEBR)ebr10981138
|
| 035 |
|
|
|a (OCoLC)899009265
|
| 040 |
|
|
|a MiAaPQ
|b eng
|e rda
|e pn
|c MiAaPQ
|d MiAaPQ
|
| 050 |
|
4 |
|a PE1111
|b .C746 2014
|
| 082 |
0 |
|
|a 428.2
|2 23
|
| 100 |
1 |
|
|a Cremers, Crit,
|e author.
|
| 245 |
1 |
0 |
|a Meaning versus grammar :
|b an inquiry into the computation of meaning and the incompleteness of grammar /
|c Crit Cremers, Maarten Hijzelendoorn, Hilke Reckman.
|
| 264 |
|
1 |
|a [Leiden, South Holland] :
|b Leiden University Press,
|c 2014.
|
| 264 |
|
4 |
|c 2014
|
| 300 |
|
|
|a 1 online resource (354 pages)
|
| 336 |
|
|
|a text
|2 rdacontent
|
| 337 |
|
|
|a computer
|2 rdamedia
|
| 338 |
|
|
|a online resource
|2 rdacarrier
|
| 504 |
|
|
|a Includes bibliographical references and index.
|
| 588 |
|
|
|a Description based on online resource; title from PDF title page (ebrary, viewed November 21, 2014).
|
| 590 |
|
|
|a Electronic reproduction. Ann Arbor, MI : ProQuest, 2015. Available via World Wide Web. Access may be limited to ProQuest affiliated libraries.
|
| 650 |
|
0 |
|a English language
|x Grammar.
|
| 655 |
|
4 |
|a Electronic books.
|
| 700 |
1 |
|
|a Hijzelendoorn, Maarten,
|e author.
|
| 700 |
1 |
|
|a Reckman, Hilke,
|e author.
|
| 776 |
0 |
8 |
|i Print version:
|a Cremers, Crit.
|t Meaning versus grammar : an inquiry into the computation of meaning and the incompleteness of grammar.
|d [Leiden, South Holland] : Leiden University Press, c2014
|h 353 pages
|z 9789087282127
|
| 797 |
2 |
|
|a ProQuest (Firm)
|
| 856 |
4 |
0 |
|u https://ebookcentral.proquest.com/lib/matrademy/detail.action?docID=3327214
|z Click to View
|